000
00301nam a22001337a 4500
003
SGT
020
_a
978-1-4462-1111-3
082
_a
616.89
_b
M13B
100
_a
BARKER, MEG
245
_a
MINDFUL COUNSELLING AND PSYCHOTHERAPY
260
_a
LOS ANGELES
_b
SAGE
_c
2013
300
_a
207
942
_2
ddc
_c
BK
999
_c
18105
_d
18105